Comunidad de fe, comunidad social /

Wedi'i Gadw mewn:
Manylion Llyfryddiaeth
Prif Awdur: Suárez, Raquel
Fformat: Texto
Pynciau:
Tagiau: Ychwanegu Tag
Dim Tagiau, Byddwch y cyntaf i dagio'r cofnod hwn!

MARC

LEADER 00000 a a2200000 04500
001 44035
003
040
100 |a Suárez, Raquel  
245 |a Comunidad de fe, comunidad social /  |c Raquel Suárez  
650 |a IGLESIA  
650 |a RELIGION  
650 |a PARTICIPACION SOCIAL  
773 |g número35 (2005), páginas 24-30  
999 |c 23606  |d 23606